Largest Countries By Continent Quiz Stats

 Plays Quiz Updated Oct 27, 2017

Score 0/30 Timer 06:00
9 Plays Today
Continent Country % Correct
AsiaRussia (17,075,200 sq. km)
98.4%
EuropeRussia (17,075,200 sq. km)
98.4%
North AmericaCanada (9,984,670 sq. km)
98.1%
North AmericaUnited States (9,826,675 sq. km)
98%
AsiaChina (9,596,961 sq. km)
97.3%
South AmericaBrazil (8,514,877 sq. km)
96.9%
North AmericaMexico (1,964,375 sq. km)
96.7%
OceaniaAustralia (7,741,220 sq. km)
93.1%
South AmericaArgentina (2,780,400 sq. km)
92.5%
EuropeFrance (643,801 sq. km)
90.7%
AsiaIndia (3,287,263 sq. km)
89.6%
OceaniaNew Zealand (267,710 sq. km)
86.8%
South AmericaPeru (1,285,216 sq. km)
81.3%
EuropeTurkey (756,816 sq. km)
78%
South AmericaColombia (1,138,914 sq. km)
75.6%
Continent Country % Correct
AfricaSudan (1,861,484 sq. km)
74.8%
EuropeUkraine (603,550 sq. km)
71.9%
South AmericaBolivia (1,098,581 sq. km)
68.5%
AfricaAlgeria (2,381,741 sq. km)
68.2%
EuropeDenmark incl. Greenland (2,210,000 sq. km)
67.3%
AfricaDemocratic Republic of the Congo (2,344,858 sq. km)
66.7%
AfricaChad (1,284,000 sq. km)
65.7%
AfricaLibya (1,759,540 sq. km)
65%
AsiaKazakhstan (2,724,900 sq. km)
61.9%
AsiaSaudi Arabia (2,149,690 sq. km)
59.8%
North AmericaHonduras (112,090 sq. km)
59.7%
North AmericaNicaragua (130,370 sq. km)
56.6%
OceaniaPapua New Guinea (462,840 sq. km)
56%
OceaniaFiji (18,274 sq. km)
52.8%
OceaniaSolomon Islands (28,896 sq. km)
37.7%

You're not logged in!

Compare scores with friends on all Sporcle quizzes.
OR
Log In

Sporcle TV

Today on Sporcle TV


Watch our educational content, quiz creation guides, and fun videos on Sporcle TV.

Show Comments

Extras

Top Quizzes Today


Score Distribution

Your Account Isn't Verified!

In order to create a playlist on Sporcle, you need to verify the email address you used during registration. Go to your Sporcle Settings to finish the process.

Report this User

Report this user for behavior that violates our Community Guidelines.

Details: